Visualizzazione normale
Vista MARC
- Monicelli Mario
di Personal Name
Records bibliografici associati: 1
001 - CONTROL NUMBER
- control field: 49581
003 - CONTROL NUMBER IDENTIFIER
- control field: IT-RoPau
005 - DATE AND TIME OF LATEST TRANSACTION
- control field: 20151202092738.0
008 - FIXED-LENGTH DATA ELEMENTS
- fixed length control field: 151202|| aca||aabn | a|a d
040 ## - CATALOGING SOURCE
- Original cataloging agency: IT-RoPau
- Transcribing agency: IT-RoPau
100 ## - HEADING--PERSONAL NAME
- Personal name: Monicelli Mario
- Miscellaneous information: Codice regista SPICS: 3641
670 ## - SOURCE DATA FOUND
- Source citation: Work cat.: (IT-RoPau)106945: Monicelli Mario Codice regista SPICS: 3641, SOLITI IGNOTI (I) SOLITI IGNOTI (I) (Rif. Codice opera principale : H5950)